000 00357nam a2200133Ia 4500
008 220216s9999 xx 000 0 und d
100 _aMeyer Bruce
245 0 _aContinental holds on to top spot as Japanese firms gain more power
260 _bEuropean Rubber Journal
_c2013
300 _a19
650 _aRubber
700 _aMcHenry Louise
942 _cJS
999 _c56237
_d56237